000 00715nam a22002177a 4500
999 _c178534
_d178534
005 20211207154242.0
010 _aB-738732
020 _a8189297007
_c730.00
035 _aB-738732
037 _bGift
082 _a230.1
245 _aThe golden book of the holy vedas /
_ctranslated by A.A. Macdonell, H. Oldenberg [and] F. Max Muller
260 _aDelhi
_bVijay Goel
_c2005
270 _aS-16, Navin Shahdara
_bDelhi
_e110032
300 _a237p.
_c24cm(Hb)
700 _aMacdonell, A.A.
700 _aOldenberg, H.
700 _aMuller, F. Max
942 _2ddc
_cEN
_mGOL
_h230.1